Statistics for Gaming Villains

Click here to take the quiz!

General Stats

  • This quiz has been taken 648 times
  • The average score is 13 of 32

Answer Stats

HintAnswer% Correct
BowserMario
99%
Dr Ivo 'Eggman' RobotnikSonic the Hedgehog
88%
GanonLegend of Zelda
72%
Liquid SnakeMetal Gear
71%
GLaDOSPortal
69%
ZeusGod of War
68%
Dr Neo CortexCrash Bandicoot
64%
King DededeKirby
58%
Shao KhanMortal Kombat
57%
DraculaCastlevania
55%
King K RoolDonkey Kong
55%
RidleyMetroid
54%
Mecha HitlerWolfenstein
51%
Dr WilyMega Man
49%
M BisonStreet Fighter
46%
Albert WeskerResident Evil
45%
GiovanniPokemon
40%
Origami KillerHeavy Rain
37%
Prophet of TruthHalo
28%
AndrossStar Fox
25%
RiptoSpyro the Dragon
24%
Locust Queen MyrrahGears of War
23%
ClydePacman
22%
Frank FontaineBioshock
20%
Warren VidicAssassin's Creed
17%
Porky MinchEarthbound
17%
HarbingerMass Effect
14%
MundusDevil May Cry
12%
Jacqueline NatlaTomb Raider
8%
Admiral RazorbeardRayman
7%
Dahlia GillespieSilent Hill
7%
Wizeman the WickedNiGHTS
1%

Score Distribution

Percentile by Number Answered

Percent of People with Each Score

Your Score History

You have not taken this quiz